000
00324nam a22001457a 4500
003
SGT
082
_a
611
_b
I13P
100
_a
PAL, G.P
245
_a
ILLUSTRATED TEXT BOOK OF NEUROANATOMY
260
_a
DELHI
_b
WOLTER'S KLUWER
_c
2013
300
_a
464
650
_a
NEUROANATOMY
653
_a
NEUROANATOMY
942
_2
ddc
_c
BK
_0
3
999
_c
8286
_d
8286